<?xml version="1.0" encoding="UTF-8"?>
<record
    xmlns:xsi="http://www.w3.org/2001/XMLSchema-instance"
    xsi:schemaLocation="http://www.loc.gov/MARC21/slim http://www.loc.gov/standards/marcxml/schema/MARC21slim.xsd"
    xmlns="http://www.loc.gov/MARC21/slim">

  <leader>01394nam a22002177a 4500</leader>
  <controlfield tag="005">20240220143057.0</controlfield>
  <controlfield tag="008">240216b           ||||| |||| 00| 0 eng d</controlfield>
  <datafield tag="020" ind1=" " ind2=" ">
    <subfield code="a">9789353040819</subfield>
  </datafield>
  <datafield tag="040" ind1=" " ind2=" ">
    <subfield code="c">AL</subfield>
  </datafield>
  <datafield tag="041" ind1=" " ind2=" ">
    <subfield code="a">eng</subfield>
  </datafield>
  <datafield tag="082" ind1=" " ind2=" ">
    <subfield code="2">23</subfield>
    <subfield code="a">808.51</subfield>
    <subfield code="b">CARA</subfield>
  </datafield>
  <datafield tag="100" ind1=" " ind2=" ">
    <subfield code="a">Dale Carnegie</subfield>
    <subfield code="9">151686</subfield>
  </datafield>
  <datafield tag="245" ind1=" " ind2=" ">
    <subfield code="a">Art of public speaking</subfield>
  </datafield>
  <datafield tag="260" ind1=" " ind2=" ">
    <subfield code="a">Rupa Publications</subfield>
    <subfield code="b">New Delhi</subfield>
    <subfield code="c">2023</subfield>
  </datafield>
  <datafield tag="300" ind1=" " ind2=" ">
    <subfield code="a">xii,267.</subfield>
    <subfield code="b">PB</subfield>
    <subfield code="c">18x10cm.</subfield>
  </datafield>
  <datafield tag="365" ind1=" " ind2=" ">
    <subfield code="2">General</subfield>
    <subfield code="a">VBI-2022</subfield>
    <subfield code="b">&#x20B9;146.00</subfield>
    <subfield code="c">&#x20B9;</subfield>
    <subfield code="d">&#x20B9;195.00</subfield>
    <subfield code="e">25%</subfield>
    <subfield code="f">16/01/2024</subfield>
  </datafield>
  <datafield tag="520" ind1=" " ind2=" ">
    <subfield code="a">Written by bestselling author Dale Carnegie, along with J. Berg Esenwein, The Art of Public Speaking lays out the important principles of creating and delivering successful speeches. Each chapter of this encouraging book will help readers hone their articulation skills and enable them to deliver an impactful speech as well. Read this book to find out how to: &#x2022; Overcome stage fright and develop self-confidence. &#x2022; Use different tools to get your ideas across convincingly. &#x2022; Make your speech interesting. &#x2022; Hold your listener&#x2019;s attention. A classic work that has tremendously helped people over the years, this book not only teaches you the dos and don&#x2019;ts of public speaking, it also provides you with ideas on how to write an influential speech.</subfield>
  </datafield>
  <datafield tag="650" ind1=" " ind2=" ">
    <subfield code="2">Rhetoric and anthologies</subfield>
    <subfield code="a">Public speaking</subfield>
    <subfield code="9">151687</subfield>
  </datafield>
  <datafield tag="700" ind1=" " ind2=" ">
    <subfield code="a">Esenwein, Berg J</subfield>
    <subfield code="9">151688</subfield>
  </datafield>
  <datafield tag="942" ind1=" " ind2=" ">
    <subfield code="2">ddc</subfield>
    <subfield code="c">BK</subfield>
  </datafield>
  <datafield tag="999" ind1=" " ind2=" ">
    <subfield code="c">229839</subfield>
    <subfield code="d">229839</subfield>
  </datafield>
  <datafield tag="952" ind1=" " ind2=" ">
    <subfield code="0">0</subfield>
    <subfield code="1">0</subfield>
    <subfield code="2">ddc</subfield>
    <subfield code="4">0</subfield>
    <subfield code="7">0</subfield>
    <subfield code="8">GEN</subfield>
    <subfield code="a">SACPG</subfield>
    <subfield code="b">SACPG</subfield>
    <subfield code="d">2024-01-23</subfield>
    <subfield code="e">Vidyarthi Books</subfield>
    <subfield code="g">146.00</subfield>
    <subfield code="l">1</subfield>
    <subfield code="o">808.51 CARA</subfield>
    <subfield code="p">PG024588</subfield>
    <subfield code="r">2025-10-06 08:44:37</subfield>
    <subfield code="s">2025-09-29</subfield>
    <subfield code="v">195.00</subfield>
    <subfield code="w">2024-02-16</subfield>
    <subfield code="y">BK</subfield>
  </datafield>
</record>
